Normal view
MARC view
- الزحيلي ، وهبة
Entry Personal Name
001 - CONTROL NUMBER
- control field: 46588
003 - CONTROL NUMBER IDENTIFIER
- control field: JO-AjAnu
005 - DATE AND TIME OF LATEST TRANSACTION
- control field: 20230606081710.0
008 - FIXED-LENGTH DATA ELEMENTS
- fixed length control field: 230606|| aca||aabn | a|a d
040 ## - CATALOGING SOURCE
- Original cataloging agency: JO-AjAnu
- Transcribing agency: JO-AjAnu
100 ## - HEADING--PERSONAL NAME
- Personal name: الزحيلي ، وهبة
670 ## - SOURCE DATA FOUND
- Source citation: Work cat.: (JO-AjAnu)23847: الزحيلي ، وهبة , author, العقود المسماة في قانون المعاملات المدنية الإماراتي والقانون المدني الأردني